<?xml version="1.0" encoding="UTF-8"?>
<record
    xmlns:xsi="http://www.w3.org/2001/XMLSchema-instance"
    xsi:schemaLocation="http://www.loc.gov/MARC21/slim http://www.loc.gov/standards/marcxml/schema/MARC21slim.xsd"
    xmlns="http://www.loc.gov/MARC21/slim">

  <leader>01397nam a2200301 a 4500</leader>
  <controlfield tag="001">000047891</controlfield>
  <controlfield tag="003">OSt</controlfield>
  <controlfield tag="005">20210118101905.0</controlfield>
  <controlfield tag="007">ta</controlfield>
  <controlfield tag="008">181002s2018                  000   spa d</controlfield>
  <datafield tag="020" ind1=" " ind2=" ">
    <subfield code="a">9788469791035</subfield>
  </datafield>
  <datafield tag="040" ind1=" " ind2=" ">
    <subfield code="a">DO-SdBNP</subfield>
    <subfield code="b">spa</subfield>
    <subfield code="c">BNPHU</subfield>
  </datafield>
  <datafield tag="041" ind1=" " ind2=" ">
    <subfield code="h">spa</subfield>
  </datafield>
  <datafield tag="082" ind1=" " ind2=" ">
    <subfield code="a">BNPHU- xxxx</subfield>
    <subfield code="b">A795a</subfield>
  </datafield>
  <datafield tag="100" ind1="1" ind2=" ">
    <subfield code="a">Arvelo, Alejandro</subfield>
    <subfield code="d">1959-</subfield>
    <subfield code="9">25165</subfield>
  </datafield>
  <datafield tag="245" ind1="1" ind2="0">
    <subfield code="a">Arist&#xF3;teles o la precisi&#xF3;n :</subfield>
    <subfield code="b">apuntes a la pasi&#xF3;n del que nombra /</subfield>
    <subfield code="c">Alejandro Arvelo.</subfield>
  </datafield>
  <datafield tag="260" ind1=" " ind2=" ">
    <subfield code="a">Santo Domingo :</subfield>
    <subfield code="b">ACUDEBI ,</subfield>
    <subfield code="b">Solenodonte ,</subfield>
    <subfield code="c">2018.</subfield>
  </datafield>
  <datafield tag="300" ind1=" " ind2=" ">
    <subfield code="a">71 p. ;</subfield>
    <subfield code="c">26 cm.</subfield>
  </datafield>
  <datafield tag="490" ind1="1" ind2=" ">
    <subfield code="a">Ensayo.</subfield>
  </datafield>
  <datafield tag="500" ind1=" " ind2=" ">
    <subfield code="a">Incluye datos biogr&#xE1;ficos del autor .</subfield>
  </datafield>
  <datafield tag="504" ind1=" " ind2=" ">
    <subfield code="a">Incluye bibliograf&#xED;a, pg. 69-71</subfield>
  </datafield>
  <datafield tag="505" ind1="1" ind2=" ">
    <subfield code="a">El imperialismo de precisi&#xF3;n, &#xBF;un requerimiento t&#xE1;ctico para filosofar? :</subfield>
    <subfield code="t">I. la propiedad y la exactitud, normas de hechos en Arist&#xF3;teles.
II. la lengua, &#xBF;medio o causa eficiente del pensamiento?
II. ret&#xF3;rica, pensamiento e imperativo de precisi&#xF3;n.
IV. la delimitaci&#xF3;n rigurosa de matices, v&#xED;nculo intangible entre l&#xF3;gica y ret&#xF3;rica.
V. modos, utilidad y conciencia del valor hermen&#xE9;utico de la precisi&#xF3;n terminol&#xF3;gica en Arist&#xF3;teles.</subfield>
  </datafield>
  <datafield tag="505" ind1="1" ind2=" ">
    <subfield code="a">Precisi&#xF3;n como m&#xE9;todo y como reserva cr&#xED;tica de la humanidad en las actuales circunstancias.</subfield>
  </datafield>
  <datafield tag="505" ind1="1" ind2=" ">
    <subfield code="a">Bibliograf&#xED;a.</subfield>
  </datafield>
  <datafield tag="590" ind1=" " ind2=" ">
    <subfield code="a">Inventariado, 2018/VM</subfield>
  </datafield>
  <datafield tag="830" ind1="0" ind2="0">
    <subfield code="a">Ensayo</subfield>
    <subfield code="9">3177</subfield>
  </datafield>
  <datafield tag="942" ind1=" " ind2=" ">
    <subfield code="2">ddc</subfield>
    <subfield code="c">LBS1</subfield>
  </datafield>
  <datafield tag="952" ind1=" " ind2=" ">
    <subfield code="0">0</subfield>
    <subfield code="1">0</subfield>
    <subfield code="2">ddc</subfield>
    <subfield code="7">1</subfield>
    <subfield code="8">MO</subfield>
    <subfield code="a">BNPHU</subfield>
    <subfield code="b">PD</subfield>
    <subfield code="c">HD</subfield>
    <subfield code="d">2018-07-19</subfield>
    <subfield code="e">Dep&#xF3;sito legal</subfield>
    <subfield code="i">LF1</subfield>
    <subfield code="l">0</subfield>
    <subfield code="o">BNPHU- xxxx A795a</subfield>
    <subfield code="p">47891-10</subfield>
    <subfield code="r">2020-06-25</subfield>
    <subfield code="w">2020-06-25</subfield>
    <subfield code="y">1</subfield>
  </datafield>
  <datafield tag="999" ind1=" " ind2=" ">
    <subfield code="c">47379</subfield>
    <subfield code="d">47379</subfield>
  </datafield>
</record>
